000
00319nam a2200157Ia 4500
100
_a
Appleby/ D.
250
_a
3
942
_c
BK
654
_a
Languages
245
_a
Programming Languages
260
_b
Mc Graw Hill
_a
New York
_c
1991
082
_a
5.13
_b
PAN
300
_a
479
546
_a
ENGLISH
999
_c
17950
_d
17950